000 01087nam a22001697a 4500
005 20230620141444.0
008 230620b ||||| |||| 00| 0 eng d
020 _a9789988128333
100 _9Asiedu, Christiana.
245 _aFamily planning: the legacy of a healthy living /
_bChristiana, Asiedu et al.-
_cFamily planning: the legacy of a healthy living
260 _aCape Coast:
_bUCC Press,
_c2008.
300 _axv, 454 p.:
_bill.;
_c24 cm.
500 _aIncludes references
505 _aContents: Background of population and family planning --Human sexuality / reproductive system -- Concepts of family planning and contraception -- Family planning methods -- Quality family planning services -- Infection prevention -- Making contraceptive decisions and counseling -- Registration at family planning clinic -- Abortion -- Infertility -- Gender -- Adolescence development and health issues -- Sex education -- Teenage pregnancy -- Communicating with the adolescent -- Man as partners.
700 _aBilson, Sabina Abena
_91755
942 _2lcc
_cBK
_hHQ763.5.A83
999 _c9774
_d17274